000
00329nam a2200157Ia 4500
100
_a
Muralikrishna/C
650
_a
Communication Skill
942
_c
BK
366
_f
20
245
_a
Communication skill for engineers
260
_b
Pearson
_c
2011
082
_b
MUR
300
_a
276
546
_a
ENGLISH
_c
TTL
999
_c
29760
_d
29760